Volver al futuro parte II = Back to the Future Part II /

Segunda parte de la trilogía en que un adolescente de la década de 1980 ochentas, viaja a través del tiempo junto con su amigo, quien ha inventado una máquina para ese fin. Los protagonistas se trasladan al futuro (al año 2015), para resolver algunos problemas. Cuando regresan al punto de partida (1...

Ausführliche Beschreibung

Gespeichert in:
Bibliographische Detailangaben
1. Verfasser: Zemeckis, Robert (realización)
Weitere Verfasser: Gale, Bob (guión) (guión), Cundey, Dean (fotógrafo) (fotógrafo), Priestley, Jack (fotógrafo) (fotógrafo), Johnston, Joanna (vestuario) (vestuario), Schmidt, Arthur (montaje) (montaje), Keramidas, Harry (montaje) (montaje), Silvestri, Alan (música) (música), Fox, Michael J. (actuación) (actuación), Lloyd, Christopher (actuación) (actuación), Thompson, Lea (actuación) (actuación)
Format: Dia
Sprache:Englisch
Veröffentlicht: Los Angeles, EUA : Amblin Entertainment : Universal Pictures, 1989
Schlagworte:
Tags: Tag hinzufügen
Keine Tags, Fügen Sie das erste Tag hinzu!

MARC

LEADER 00000ngm^a2200000^a^4500
001 000115846
005 20250521000000.0
009 20260310094107.723
037 |a Acervo ITESO - Biblioteca 
041 |a ING 
082 |a 810.  |b ZEM V. 2 
100 |a Zemeckis, Robert  |e (realización) 
240 1 1 |a [Volver al futuro] 
245 1 0 |a Volver al futuro parte II =  |b Back to the Future Part II /  |c Realización de R. Zemeckis. 
264 1 |a Los Angeles, EUA :  |b Amblin Entertainment :  |b Universal Pictures,  |c 1989 
264 2 |a México :  |b CIC Video [distribución],  |c fecha no identificada 
300 |a 1 videocasete VHS (113 min.) :  |b color 
336 |a imagen móvil bidimensional  |b tdi  |2 rdacontenido 
337 |a video  |b v  |2 rdamedio 
338 |a videocasete  |b vf  |2 rdasoporte 
520 |a Segunda parte de la trilogía en que un adolescente de la década de 1980 ochentas, viaja a través del tiempo junto con su amigo, quien ha inventado una máquina para ese fin. Los protagonistas se trasladan al futuro (al año 2015), para resolver algunos problemas. Cuando regresan al punto de partida (1985) descubren que la máquina del tiempo fue utilizada por otra persona para viajar a 1955, con el fin de enriquecerse con la certeza de un futuro conocido, pero que al mismo tiempo se ve modificado por la presencia de ese intruso en el pasado. 
530 |a Existe una edición en formato audiovisual en DVD con el mismo título 
546 |a En inglés, con subtítulos en español 
649 |a XX 
650 |a Adolescentes en el Cine 
650 |a Inventores en el Cine 
650 |a Ficción Distópica 
650 |a Películas de Ciencia-Ficción 
650 |a Comedias Cinematográficas 
650 |a Precuelas y Secuelas 
650 |a Cine Norteamericano -  |y 1980-1989 
650 |a Cine Norteamericano -  |y Siglo XX 
650 |a Inventos 
650 |a Automóviles en el Cine 
650 |a Viaje en el Tiempo -  |x Tema Principal 
700 |a Gale, Bob  |e (guión) 
700 |a Cundey, Dean  |e (fotógrafo) 
700 |a Priestley, Jack  |e (fotógrafo) 
700 |a Johnston, Joanna  |e (vestuario) 
700 |a Schmidt, Arthur  |e (montaje) 
700 |a Keramidas, Harry  |e (montaje) 
700 |a Silvestri, Alan  |e (música) 
700 |a Fox, Michael J.  |e (actuación) 
700 |a Lloyd, Christopher  |e (actuación) 
700 |a Thompson, Lea  |e (actuación) 
910 |a Fondo General 
920 |a Audiovisuales - Videocasetes 
940 |a Películas 
905 |a 301 
901 |a 0500047129  |b IT2  |c VIS  |u 20250521 
902 |a https://opac.biblio.iteso.mx/vufind/Record/000115846